top 30 najbardziej militarnych państw 2023 - Statystyki

Ogólne statystyki
  • Ten quiz został rozwiązany 93 razy
  • Średni wynik to 12 z 15
Statystyki odpowiedzi
miejce Kraj % Poprawnych
2 Rosja
100%
1 USA
99%
3 Chiny
98%
9 Francja
93%
4 Indie
91%
12 Brazylia
89%
8 Japonia
89%
5 Wielka brytania
89%
6 Korea południowa
87%
10 Włochy
77%
15 Ukraina
72%
11 Turcja
68%
7 Pakistan
66%
14 Egipt
51%
13 Indonezja
44%
Nie znaleziono quizów pasujących do podanych kryteriów
Rozkład punktacji
Procent ludzi z każdym wynikiem
Percentyl według liczby udzielonych odpowiedzi
Twoja historia wyników
Nie rozwiązałeś tego quizu